00247nam a2200109Ia 4500008004100000100002200041245002500063250000800088260002400096300000900120650000800129191201s2013 xx 000 0 und d aCHANDRA, Prasanna 0aFinancial Management a8th aN. DelhibTMHc2013 a1062 aBBA